[Event "Bogota McGregor op 4th"]
[Site "Bogota"]
[Date "2013.12.05"]
[Round "2"]
[White "Baron Calderon, Ismael"]
[Black "Dominguez Rincon, Miller Duvan"]
[Result "0-1"]
[WhiteElo "1728"]
[BlackElo "2047"]
[PlyCount "42"]
[EventDate "2013.12.04"]
[EventType "swiss"]
[EventRounds "9"]
[EventCountry "COL"]
[SourceTitle "CBM 157 Extra"]
[Source "ChessBase"]
[SourceDate "2013.12.19"]
[SourceVersion "1"]
[SourceVersionDate "2013.12.19"]
[SourceQuality "1"]

1. e4 e5 2. Nf3 Nc6 3. Bc4 Bc5 4. d3 Nf6 5. 0-0 d6 6. h3 h6 7. c3 Bb6 8. Re1 g5 9. g4 Be6 10. Bb5 h5 11. Nh2 hxg4 12. hxg4 Bxf2+ 13. Kxf2 Rxh2+ 14. Kg3 Nxg4 15. Rh1 Rxh1 16. Qxh1 Qf6 17. Qg2 0-0-0 18. Qf3 Qh6 19. Kg2 Rh8 20. Bd2 Qh1+ 21. Kg3 Qh2# 0-1

[Event "Bogota IRT de la Sabana"]
[Site "Bogota"]
[Date "2013.01.12"]
[Round "15"]
[White "Baron Calderon, Ismael"]
[Black "Nieto, Manuel Valerio Wald"]
[Result "0-1"]
[WhiteElo "1702"]
[BlackElo "1944"]
[PlyCount "62"]
[EventDate "2013.01.03"]
[EventType "tourn"]
[EventRounds "18"]
[EventCountry "COL"]
[SourceTitle "EXT 2022"]
[Source "ChessBase"]
[SourceDate "2021.10.06"]
[SourceVersion "1"]
[SourceVersionDate "2021.10.06"]
[SourceQuality "1"]

1. d4 Nf6 2. c4 g6 3. Nc3 Bg7 4. e4 d6 5. f3 c6 6. Be3 a6 7. Qd2 b5 8. b3 Nbd7 9. Bd3 Nb6 10. Nge2 Qc7 11. g4 b4 12. Nd1 c5 13. d5 Nxe4 14. Bxe4 Bxa1 15. h4 Bd7 16. h5 0-0-0 17. Qc1 f5 18. Qxa1 fxe4 19. hxg6 exf3 20. g7 Rhg8 21. Nf4 Bxg4 22. Rxh7 Nd7 23. Ng6 Nf6 24. Rh8 Rxg7 25. Rxd8+ Qxd8 26. Nf4 Qh8 27. Nf2 Qh2 28. Qd1 Qg1+ 29. Kd2 Ne4+ 30. Nxe4 Qxd1+ 31. Kxd1 f2+ 0-1

[Event "Bogota IRT de la Sabana"]
[Site "Bogota"]
[Date "2013.01.06"]
[Round "7"]
[White "Baron Calderon, Ismael"]
[Black "Guerrero, Hernando"]
[Result "0-1"]
[WhiteElo "1702"]
[BlackElo "1925"]
[PlyCount "156"]
[EventDate "2013.01.03"]
[EventType "tourn"]
[EventRounds "18"]
[EventCountry "COL"]
[SourceTitle "EXT 2022"]
[Source "ChessBase"]
[SourceDate "2021.10.06"]
[SourceVersion "1"]
[SourceVersionDate "2021.10.06"]
[SourceQuality "1"]

1. e4 c5 2. Nf3 d6 3. d4 cxd4 4. Qxd4 Nc6 5. Bb5 Bd7 6. Bxc6 Bxc6 7. Nc3 Nf6 8. Bg5 Qc7 9. Bxf6 gxf6 10. 0-0-0 Rg8 11. Nh4 a6 12. Kb1 0-0-0 13. Rd3 Kb8 14. Nd5 Bxd5 15. exd5 Qc5 16. Qxc5 dxc5 17. g3 Rg5 18. Rhd1 Re5 19. f4 Re2 20. Nf3 Kc7 21. Re1 Rf2 22. Kc1 e6 23. dxe6 Rxd3 24. cxd3 fxe6 25. Nd2 e5 26. fxe5 fxe5 27. Rf1 Rxf1+ 28. Nxf1 Kc6 29. Kc2 Kd5 30. Nd2 Kd4 31. Nf3+ Ke3 32. g4 b5 33. b3 h6 34. h4 e4 35. dxe4 Kxe4 36. Nd2+ Kf4 37. g5 hxg5 38. hxg5 Kxg5 39. Kd3 Kf4 40. a4 Ke5 41. Ne4 bxa4 42. bxa4 c4+ 43. Ke3 a5 44. Nc3 Bh6+ 45. Ke2 Kd4 46. Na2 c3 47. Kd1 Kc4 48. Kc2 Bd2 49. Kb1 Kb3 50. Nc1+ Kxa4 51. Ne2 Kb3 52. Nd4+ Kc4 53. Nc2 a4 54. Na3+ Kd3 55. Nc2 Bh6 56. Na3 Bf8 57. Nc2 Kd2 58. Nd4 Bg7 59. Nc2 Bf6 60. Nb4 Be7 61. Nc2 Bd6 62. Na1 Kd1 63. Nc2 Ke2 64. Ka2 Kd3 65. Kb1 Bc5 66. Ne1+ Kd2 67. Nc2 a3 68. Na1 Kd1 69. Nb3 c2+ 70. Ka2 c1Q 71. Nxc1 Kxc1 72. Ka1 Kc2 73. Ka2 Kc3 74. Ka1 Kb3 75. Kb1 Be3 76. Ka1 Bh6 77. Kb1 a2+ 78. Ka1 Bg7# 0-1

[Event "Bogota IRT de la Sabana+"]
[Site "Bogota"]
[Date "2013.01.03"]
[Round "1"]
[White "Avellaneda Arevalo, Ronald"]
[Black "Baron Calderon, Ismael"]
[Result "1/2-1/2"]
[WhiteElo "1915"]
[BlackElo "1702"]
[PlyCount "51"]
[EventDate "2013.01.03"]
[EventType "tourn"]
[EventRounds "18"]
[EventCountry "COL"]
[SourceTitle "EXT 2022"]
[Source "ChessBase"]
[SourceDate "2021.10.06"]
[SourceVersion "1"]
[SourceVersionDate "2021.10.06"]
[SourceQuality "1"]

1. e4 c5 2. Nc3 e6 3. Nf3 Nc6 4. Bb5 Nge7 5. d3 a6 6. Bxc6 Nxc6 7. 0-0 Be7 8. Re1 0-0 9. Bf4 d6 10. Qd2 b5 11. Ne2 e5 12. Bg5 Bxg5 13. Qxg5 Qxg5 14. Nxg5 h6 15. Nf3 Bg4 16. c3 Bxf3 17. gxf3 f5 18. Ng3 Ne7 19. d4 f4 20. Ne2 Ng6 21. dxc5 dxc5 22. Red1 Rad8 23. Kf1 Nh4 24. Ng1 Kf7 25. Ke2 Ke7 26. b3 1/2-1/2

[Event "Bogota IRT op 08"]
[Site "Bogota"]
[Date "2012.08.19"]
[Round "5"]
[White "Baron Calderon, Ismael"]
[Black "Fraile Vela, Maria Isabel"]
[Result "1-0"]
[WhiteElo "1586"]
[BlackElo "1741"]
[PlyCount "69"]
[EventDate "2012.08.17"]
[EventType "swiss"]
[EventRounds "7"]
[EventCountry "COL"]
[SourceTitle "EXT 2013"]
[Source "ChessBase"]
[SourceDate "2012.11.22"]
[SourceVersion "1"]
[SourceVersionDate "2012.11.22"]
[SourceQuality "1"]

1. e4 c5 2. Nf3 d6 3. d4 cxd4 4. Qxd4 Nc6 5. Bb5 Bd7 6. Bxc6 Bxc6 7. Nc3 e5 8. Qd3 Nf6 9. Bg5 Qb6 10. b3 Ng4 11. 0-0 Rc8 12. h3 h6 13. Bd2 Nf6 14. Be3 Qd8 15. Nd2 d5 16. exd5 Nxd5 17. Nxd5 Bxd5 18. c4 Bc6 19. Qc3 Bd6 20. c5 Bb5 21. Rfd1 f5 22. Nc4 Bxc4 23. Rxd6 Qe7 24. Qxc4 Qxd6 25. cxd6 Rxc4 26. bxc4 0-0 27. Bxa7 Rd8 28. Rd1 Kf7 29. d7 Ke7 30. Bc5+ Ke6 31. Rd6+ Ke7 32. Rb6+ Kxd7 33. Rd6+ Kc7 34. Rxd8 Kxd8 35. Bf8 1-0